<?xml version="1.0" encoding="UTF-8"?>
<record
    xmlns:xsi="http://www.w3.org/2001/XMLSchema-instance"
    xsi:schemaLocation="http://www.loc.gov/MARC21/slim http://www.loc.gov/standards/marcxml/schema/MARC21slim.xsd"
    xmlns="http://www.loc.gov/MARC21/slim">

  <leader>01095nam a2200337 a 4500</leader>
  <controlfield tag="003">CO-BoRNBP</controlfield>
  <controlfield tag="005">20241016113336.0</controlfield>
  <controlfield tag="007">ta</controlfield>
  <controlfield tag="008">190731s2018    ck     gr     000 j spa d</controlfield>
  <datafield tag="020" ind1=" " ind2=" ">
    <subfield code="a">9789584852410</subfield>
  </datafield>
  <datafield tag="040" ind1=" " ind2=" ">
    <subfield code="a">CO-BoBLA </subfield>
    <subfield code="b">spa </subfield>
    <subfield code="c">CO-BoBLA</subfield>
  </datafield>
  <datafield tag="043" ind1=" " ind2=" ">
    <subfield code="a">s-ck---</subfield>
  </datafield>
  <datafield tag="082" ind1="0" ind2="4">
    <subfield code="a">Co863.6 </subfield>
    <subfield code="b">A54d6 </subfield>
  </datafield>
  <datafield tag="084" ind1=" " ind2=" ">
    <subfield code="a">ANGr</subfield>
  </datafield>
  <datafield tag="100" ind1="1" ind2=" ">
    <subfield code="a">&#xC1;ngel Su&#xE1;rez. Juan Manuel, </subfield>
    <subfield code="d">1952-</subfield>
    <subfield code="9">43121</subfield>
  </datafield>
  <datafield tag="240" ind1="1" ind2="0">
    <subfield code="a">Meta-Bibliograf&#xED;a regional</subfield>
  </datafield>
  <datafield tag="245" ind1="1" ind2="0">
    <subfield code="a">De historias candilejunas y otros cuentos / </subfield>
    <subfield code="c">Juan Manuel &#xC1;ngel Su&#xE1;rez ; ilustraciones Leonardo Otero.</subfield>
  </datafield>
  <datafield tag="250" ind1=" " ind2=" ">
    <subfield code="a">Primera  edici&#xF3;n</subfield>
  </datafield>
  <datafield tag="300" ind1=" " ind2=" ">
    <subfield code="a">109 p&#xE1;ginas ; </subfield>
    <subfield code="c">22 cm.</subfield>
  </datafield>
  <datafield tag="336" ind1=" " ind2=" ">
    <subfield code="2">rdacontent</subfield>
    <subfield code="a">texto</subfield>
    <subfield code="b">txt</subfield>
  </datafield>
  <datafield tag="337" ind1=" " ind2=" ">
    <subfield code="2">rdamedia</subfield>
    <subfield code="a">sin mediaci&#xF3;n</subfield>
    <subfield code="b">n</subfield>
  </datafield>
  <datafield tag="338" ind1=" " ind2=" ">
    <subfield code="2">rdacarrier</subfield>
    <subfield code="a">volumen</subfield>
    <subfield code="b">nc</subfield>
  </datafield>
  <datafield tag="650" ind1=" " ind2="7">
    <subfield code="a">Cuentos colombianos.</subfield>
    <subfield code="2">BLAAUTO</subfield>
  </datafield>
  <datafield tag="650" ind1=" " ind2="7">
    <subfield code="a">Aves</subfield>
    <subfield code="v">Cuentos.</subfield>
    <subfield code="2">BLAAUTO</subfield>
    <subfield code="9">43122</subfield>
  </datafield>
  <datafield tag="650" ind1=" " ind2="7">
    <subfield code="a">Moneda</subfield>
    <subfield code="v"> Cuentos.</subfield>
    <subfield code="2">BLAAUTO</subfield>
    <subfield code="9">43123</subfield>
  </datafield>
  <datafield tag="650" ind1=" " ind2="7">
    <subfield code="a">Madres</subfield>
    <subfield code="v">Cuentos.</subfield>
    <subfield code="2">BLAAUTO</subfield>
    <subfield code="9">43124</subfield>
  </datafield>
  <datafield tag="650" ind1=" " ind2="7">
    <subfield code="a">Pescadores</subfield>
    <subfield code="v"> Cuentos.</subfield>
    <subfield code="2">BLAAUTO</subfield>
    <subfield code="9">43125</subfield>
  </datafield>
  <datafield tag="700" ind1="1" ind2=" ">
    <subfield code="a">Otero, Leonardo,</subfield>
    <subfield code="e">ilustrador.</subfield>
    <subfield code="9">43126</subfield>
  </datafield>
  <datafield tag="942" ind1=" " ind2=" ">
    <subfield code="2">ddc</subfield>
    <subfield code="c">BK</subfield>
  </datafield>
  <datafield tag="949" ind1=" " ind2=" ">
    <subfield code="a">c     </subfield>
    <subfield code="b">c</subfield>
  </datafield>
  <datafield tag="999" ind1=" " ind2=" ">
    <subfield code="c">38466</subfield>
    <subfield code="d">38466</subfield>
  </datafield>
  <datafield tag="952" ind1=" " ind2=" ">
    <subfield code="0">0</subfield>
    <subfield code="1">0</subfield>
    <subfield code="2">ddc</subfield>
    <subfield code="4">0</subfield>
    <subfield code="7">0</subfield>
    <subfield code="8">GEN</subfield>
    <subfield code="a">MEGUAMAL</subfield>
    <subfield code="b">MEGUAMAL</subfield>
    <subfield code="c">LIT</subfield>
    <subfield code="d">2024-10-16</subfield>
    <subfield code="l">0</subfield>
    <subfield code="o">ANGr</subfield>
    <subfield code="p">GUA004293</subfield>
    <subfield code="r">2024-10-16 11:34:58</subfield>
    <subfield code="t">Ej.1</subfield>
    <subfield code="w">2024-10-16</subfield>
    <subfield code="y">BK</subfield>
  </datafield>
  <datafield tag="952" ind1=" " ind2=" ">
    <subfield code="0">0</subfield>
    <subfield code="1">0</subfield>
    <subfield code="2">ddc</subfield>
    <subfield code="4">0</subfield>
    <subfield code="7">0</subfield>
    <subfield code="a">MEMACYARI</subfield>
    <subfield code="b">MEMACYARI</subfield>
    <subfield code="c">LIT</subfield>
    <subfield code="d">2021-04-13</subfield>
    <subfield code="f">9789584852410</subfield>
    <subfield code="l">0</subfield>
    <subfield code="o">Co863.6  A54d6 </subfield>
    <subfield code="p">9789584852410</subfield>
    <subfield code="r">2025-04-15 15:43:05</subfield>
    <subfield code="t">Ej.1</subfield>
    <subfield code="w">2025-04-15</subfield>
    <subfield code="y">BK</subfield>
  </datafield>
  <datafield tag="952" ind1=" " ind2=" ">
    <subfield code="0">0</subfield>
    <subfield code="1">0</subfield>
    <subfield code="2">ddc</subfield>
    <subfield code="4">0</subfield>
    <subfield code="7">0</subfield>
    <subfield code="a">MEVHERMO</subfield>
    <subfield code="b">MEVHERMO</subfield>
    <subfield code="d">2025-07-22</subfield>
    <subfield code="l">0</subfield>
    <subfield code="o">Co863.6  A54d6 </subfield>
    <subfield code="p">VIST   0002652</subfield>
    <subfield code="r">2025-07-22 14:54:35</subfield>
    <subfield code="t">Ej.1</subfield>
    <subfield code="w">2025-07-22</subfield>
    <subfield code="y">BK</subfield>
  </datafield>
  <datafield tag="952" ind1=" " ind2=" ">
    <subfield code="0">0</subfield>
    <subfield code="1">0</subfield>
    <subfield code="2">ddc</subfield>
    <subfield code="4">0</subfield>
    <subfield code="7">0</subfield>
    <subfield code="a">MEVHERMO</subfield>
    <subfield code="b">MEVHERMO</subfield>
    <subfield code="d">2025-07-22</subfield>
    <subfield code="l">0</subfield>
    <subfield code="o">Co863.6  A54d6 </subfield>
    <subfield code="p">VIST   0002653</subfield>
    <subfield code="r">2025-07-22 14:58:06</subfield>
    <subfield code="t">Ej.1</subfield>
    <subfield code="w">2025-07-22</subfield>
    <subfield code="y">BK</subfield>
  </datafield>
  <datafield tag="952" ind1=" " ind2=" ">
    <subfield code="0">0</subfield>
    <subfield code="1">0</subfield>
    <subfield code="2">ddc</subfield>
    <subfield code="4">0</subfield>
    <subfield code="7">0</subfield>
    <subfield code="a">MEVHERMO</subfield>
    <subfield code="b">MEVHERMO</subfield>
    <subfield code="d">2025-07-22</subfield>
    <subfield code="l">0</subfield>
    <subfield code="o">Co863.6  A54d6 </subfield>
    <subfield code="p">VIST   0002654</subfield>
    <subfield code="r">2025-07-22 15:00:46</subfield>
    <subfield code="t">Ej.1</subfield>
    <subfield code="w">2025-07-22</subfield>
    <subfield code="y">BK</subfield>
  </datafield>
  <datafield tag="952" ind1=" " ind2=" ">
    <subfield code="0">0</subfield>
    <subfield code="1">0</subfield>
    <subfield code="2">ddc</subfield>
    <subfield code="4">0</subfield>
    <subfield code="7">0</subfield>
    <subfield code="a">MEVHERMO</subfield>
    <subfield code="b">MEVHERMO</subfield>
    <subfield code="d">2025-07-22</subfield>
    <subfield code="l">0</subfield>
    <subfield code="o">Co863.6  A54d6 </subfield>
    <subfield code="p">VIST   0002655</subfield>
    <subfield code="r">2025-07-22 15:03:34</subfield>
    <subfield code="t">Ej.1</subfield>
    <subfield code="w">2025-07-22</subfield>
    <subfield code="y">BK</subfield>
  </datafield>
  <datafield tag="952" ind1=" " ind2=" ">
    <subfield code="0">0</subfield>
    <subfield code="1">0</subfield>
    <subfield code="2">ddc</subfield>
    <subfield code="4">0</subfield>
    <subfield code="7">0</subfield>
    <subfield code="a">MEVHERMO</subfield>
    <subfield code="b">MEVHERMO</subfield>
    <subfield code="d">2025-07-22</subfield>
    <subfield code="l">0</subfield>
    <subfield code="o">Co863.6  A54d6 </subfield>
    <subfield code="p">VIST   0002656</subfield>
    <subfield code="r">2025-07-22 15:05:41</subfield>
    <subfield code="t">Ej.1</subfield>
    <subfield code="w">2025-07-22</subfield>
    <subfield code="y">BK</subfield>
  </datafield>
  <datafield tag="952" ind1=" " ind2=" ">
    <subfield code="0">0</subfield>
    <subfield code="1">0</subfield>
    <subfield code="2">ddc</subfield>
    <subfield code="4">0</subfield>
    <subfield code="7">0</subfield>
    <subfield code="a">MEVHERMO</subfield>
    <subfield code="b">MEVHERMO</subfield>
    <subfield code="d">2025-07-22</subfield>
    <subfield code="l">0</subfield>
    <subfield code="o">Co863.6  A54d6 </subfield>
    <subfield code="p">VIST   0002657</subfield>
    <subfield code="r">2025-07-22 15:08:11</subfield>
    <subfield code="t">Ej.1</subfield>
    <subfield code="w">2025-07-22</subfield>
    <subfield code="y">BK</subfield>
  </datafield>
  <datafield tag="952" ind1=" " ind2=" ">
    <subfield code="0">0</subfield>
    <subfield code="1">0</subfield>
    <subfield code="2">ddc</subfield>
    <subfield code="4">0</subfield>
    <subfield code="7">0</subfield>
    <subfield code="8">GEN</subfield>
    <subfield code="a">MEPLOPEZ</subfield>
    <subfield code="b">MEPLOPEZ</subfield>
    <subfield code="c">LOCAL</subfield>
    <subfield code="d">2025-10-14</subfield>
    <subfield code="l">0</subfield>
    <subfield code="o">Co863.6  A54d6 </subfield>
    <subfield code="p">PLZ03267</subfield>
    <subfield code="r">2025-10-14 17:57:02</subfield>
    <subfield code="t">Ej.1</subfield>
    <subfield code="w">2025-10-14</subfield>
    <subfield code="y">BK</subfield>
  </datafield>
  <datafield tag="952" ind1=" " ind2=" ">
    <subfield code="0">0</subfield>
    <subfield code="1">0</subfield>
    <subfield code="2">ddc</subfield>
    <subfield code="4">0</subfield>
    <subfield code="7">0</subfield>
    <subfield code="8">GEN</subfield>
    <subfield code="a">MEPLOPEZ</subfield>
    <subfield code="b">MEPLOPEZ</subfield>
    <subfield code="c">LOCAL</subfield>
    <subfield code="d">2025-10-15</subfield>
    <subfield code="l">0</subfield>
    <subfield code="o">Co863.6  A54d6 </subfield>
    <subfield code="p">PLZ03311</subfield>
    <subfield code="r">2025-10-15 19:38:27</subfield>
    <subfield code="t">Ej.1</subfield>
    <subfield code="w">2025-10-15</subfield>
    <subfield code="y">BK</subfield>
  </datafield>
  <datafield tag="952" ind1=" " ind2=" ">
    <subfield code="0">0</subfield>
    <subfield code="1">0</subfield>
    <subfield code="2">ddc</subfield>
    <subfield code="4">0</subfield>
    <subfield code="7">0</subfield>
    <subfield code="8">GEN</subfield>
    <subfield code="a">MEPLOPEZ</subfield>
    <subfield code="b">MEPLOPEZ</subfield>
    <subfield code="c">LOCAL</subfield>
    <subfield code="d">2025-10-15</subfield>
    <subfield code="l">0</subfield>
    <subfield code="o">Co863.6  A54d6 </subfield>
    <subfield code="p">PLZ03312</subfield>
    <subfield code="r">2025-10-15 19:40:33</subfield>
    <subfield code="t">Ej.2</subfield>
    <subfield code="w">2025-10-15</subfield>
    <subfield code="y">BK</subfield>
  </datafield>
  <datafield tag="952" ind1=" " ind2=" ">
    <subfield code="0">0</subfield>
    <subfield code="1">0</subfield>
    <subfield code="2">lcc</subfield>
    <subfield code="4">0</subfield>
    <subfield code="7">0</subfield>
    <subfield code="8">REG</subfield>
    <subfield code="a">MEPCONCO</subfield>
    <subfield code="b">MEPCONCO</subfield>
    <subfield code="c">GEN</subfield>
    <subfield code="d">2026-03-03</subfield>
    <subfield code="l">0</subfield>
    <subfield code="o">Co863.6  A54d6 </subfield>
    <subfield code="p">PCON02458</subfield>
    <subfield code="r">2026-03-03 16:47:06</subfield>
    <subfield code="t">Ej.1</subfield>
    <subfield code="w">2026-03-03</subfield>
    <subfield code="y">BK</subfield>
  </datafield>
</record>
